Sports Quiz

Random Sports or Football Quiz

100 Int'l Caps & 400 Club Appearances Quiz Stats

 Plays Quiz not verified by Sporcle

Also try: Sports Puns II
Challenge
Share
Tweet
Embed
Score 0/10 Timer 04:00
0 Plays Today
Country Player % Correct
106 (England)Steven Gerrard
95%
101 (England)Frank Lampard
93.6%
129 (Spain)Xavi
90.8%
150 (Spain)Iker Casillas
90.4%
126 (Italy)Paolo Maldini
89.9%
145 (Argentina)Javier Zanetti
84.9%
102 (Spain)Raúl
79.8%
106 (England)Bobby Charlton
77.5%
108 (England)Bobby Moore
73.9%
103 (West Germany)Franz Beckenbauer
68.3%

You're not logged in!

Compare scores with friends on all Sporcle quizzes.
Join for Free
OR
Log In

You Might Also Like...

Show Comments

Extras

Top Quizzes Today


Score Distribution

Your Account Isn't Verified!

In order to create a playlist on Sporcle, you need to verify the email address you used during registration. Go to your Sporcle Settings to finish the process.

Report this User

Report this user for behavior that violates our Community Guidelines.

Details: